000 00513nam a2200169Ia 4500
003 GCL
008 140319s9999 xx 000 0 ara d
040 _aGCL /
_cGCL
082 0 4 _a245
_bا ع
100 1 _aاحمد حجازى احمد السقا
245 1 0 _aعلم الكلام على مذهب اهل السنة والجماعة /
_cاحمد حجازى احمد السقا
700 1 _aابن حزم الاندلسى
300 _a103 ص
490 _a
650 0 4 _aعلم الكلام
942 _2ddc
_cBK
999 _c39781
_d39781